000 00815nam a2200277Ia 4500
003 OSt
005 20220928120759.0
006 a|||||r|||| 00| 0
007 ta
008 220927b |||||||| |||| 00| 0 eng d
024 _a45007
037 _cTextual
040 _aSDCL
_cSDCL
_beng
041 _2eng
_aeng
082 _aD65152, P9
100 _aDragoman Mircea
_9451099
245 0 _aNanoelectronics
_b Principles and devices.
250 _a2
260 _aBoston
_bArtech House
_c2009
300 _axii,496p.
_ccm.
490 _aArtech house nanoscale science and engineering series.
650 _aNanotechnology-Electronics
_9413375
700 _a Dragoman Daniela
_9451100
942 _hD65152, P9
_cTEXL
_2CC
999 _c765213
_d765213